Загрузка...

Rasakairali

Библиографические подробности
Главный автор: Sarmma. V.S
Формат: Printed Book
Язык:Malayalam
Опубликовано: Sahithya pravarthaka sahakarana sangam Sahithya pravarthaka sahakarana sangam 1972
LEADER 00479nam a2200133Ia 4500
008 111205s9999 xx 000 0 mal d
082 |a 850.1 KES/G 
100 |a Sarmma. V.S. 
245 |a Rasakairali  |c Sarmma. V.S. 
260 |b Sahithya pravarthaka sahakarana sangam  |a Sahithya pravarthaka sahakarana sangam  |c 1972 
300 |a 0 
942 |c BK 
999 |c 220904  |d 220904 
952 |0 0  |1 0  |2 ddc  |4 0  |6 S_2R3  |7 0  |9 243956  |a MAL  |b MAL  |c SEC  |d 2011-12-05  |g 0.00  |l 0  |o S2R3  |p MAL4574  |r 2011-12-05  |v 0.00  |w 2011-12-05  |y BK